Dictionary of bacteriological equivalents : French-English, German-English, Italian-English, Spanish-English /

Bibliographic Details
Main Author: Partridge, William
Format: Book
Language:English
French
German
Italian
Spanish
Published: London : Baltimore, Md.. : Bailliere, Tindall and Cox; The Williams & Wilkins company, 1927.
Subjects:

MARC

Tag First Indicator Second Indicator Subfields
LEADER 00000cam a2200000 4500
001 in00000037170
005 20151007072233.0
008 780908s1927 enk d 00010 eng
010 |a agr28000319  
035 |a (OCoLC)04207825 
035 |9 AAE7501AM 
040 |a DLC  |c KKM  |d TXA  |d UtOrBLW 
041 0 |a eng  |a fre  |a ger  |a ita  |a spa 
049 |a TXAM  |c 1 [158151], 2 [A09791029] 
050 0 |a QR9  |b .P3 
092 |a 589.9503  |b P275d 
100 1 |a Partridge, William. 
245 1 0 |a Dictionary of bacteriological equivalents :  |b French-English, German-English, Italian-English, Spanish-English /  |c by William Partridge ... 
264 1 |a London :  |b Bailliere, Tindall and Cox;  |a Baltimore, Md.. :  |b The Williams & Wilkins company,  |c 1927. 
300 |a xi, 140 pages, 1 . ;  |c 19 cm. 
336 |a text  |b txt  |2 rdacontent 
337 |a unmediated  |b n  |2 rdamedia 
338 |a volume  |b nc  |2 rdacarrier 
650 0 |a Bacteriology  |x Dictionaries. 
999 |a MARS 
999 f f |s 57c3409b-9667-3edd-a979-28b9b398767f  |i 23283a28-1b2f-33cc-b063-4d87b804435c  |t 0 
952 f f |p ric  |a Texas A&M University  |b Rellis Campus  |c Joint Library Facility  |d Remote Storage  |t 0  |e QR9 .P3  |h Library of Congress classification  |i unmediated -- volume  |m A14801002727 
998 f f |a QR9 .P3  |t 0  |l Remote Storage